Salonica, City of Ghosts (Record no. 577641)

MARC details
000 -LEADER
fixed length control field 00615nam a2200169Ia 4500
008 - FIXED-LENGTH DATA ELEMENTS--GENERAL INFORMATION
fixed length control field 250728s9999 xx 000 0 und d
020 ## - INTERNATIONAL STANDARD BOOK NUMBER
ISBN 9780007120222
082 ## - DEWEY DECIMAL CLASSIFICATION NUMBER
Classification number 949.565
Item number MAZ
100 ## - MAIN ENTRY--AUTHOR NAME
Personal name Mazower, Mark
245 #0 - TITLE STATEMENT
Title Salonica, City of Ghosts
260 ## - PUBLICATION, DISTRIBUTION, ETC. (IMPRINT)
Name of publisher HarperCollins UK
Year of publication 2005
300 ## - PHYSICAL DESCRIPTION
Number of Pages 533 pages
500 ## - GENERAL NOTE
General note From the author of the greatly praised "Dark Continent" comes a richly textured social history of the Aegean seaport that has been a crossroads of civilization since the dawn of Byzantium. of photos, 8 in full color.
650 ## - SUBJECT ADDED ENTRY--TOPICAL TERM
Topical Term History
942 ## - ADDED ENTRY ELEMENTS (KOHA)
Koha item type English Books
Holdings
Withdrawn status Lost status Damaged status Not for loan Home library Current library Shelving location Date acquired Full call number Accession Number Price effective from Koha item type
        Anna Centenary Library Anna Centenary Library 7TH FLOOR, B WING 28.07.2025 949.565 MAZ 486147 28.07.2025 English Books

Find us on the map